[Event "Bad Wiessee Seniors op"]
[Site "Bad Wiessee"]
[Date "2012.04.21"]
[Round "1"]
[White "Schnell, Franz"]
[Black "Krylova, Marina"]
[Result "0-1"]
[WhiteElo "1683"]
[BlackElo "1950"]
[PlyCount "72"]
[EventDate "2012.04.21"]
[EventType "swiss"]
[EventRounds "9"]
[EventCountry "GER"]
[SourceTitle "EXT 2015"]
[Source "ChessBase"]
[SourceDate "2014.11.20"]
[SourceVersion "1"]
[SourceVersionDate "2014.11.20"]
[SourceQuality "1"]

1. d4 f5 2. Bg5 Nf6 3. h4 d6 4. h5 Nbd7 5. h6 g6 6. Nc3 c6 7. Nf3 e5 8. dxe5 dxe5 9. e3 Qa5 10. Bc4 Ne4 11. 0-0 Nxc3 12. bxc3 Qxc3 13. Bb3 Be7 14. Bxe7 Kxe7 15. Ng5 Qc5 16. Qe2 Nf6 17. Nf7 Rf8 18. Ng5 Bd7 19. Rad1 Rad8 20. Rd2 Bc8 21. Rfd1 Rxd2 22. Qxd2 Ne4 23. Nxe4 fxe4 24. a4 Bg4 25. f3 exf3 26. gxf3 Bxf3 27. Qd7+ Kf6 28. Rd6+ Kg5 29. Qe7+ Kh5 30. Kf2 Rf5 31. Kg3 Qb4 32. Kh2 Qh4+ 33. Qxh4+ Kxh4 34. Rd7 Rh5 35. Rxh7 Kg4+ 36. Kg1 Kg3 0-1